000 00341nam a2200157Ia 4500
003 0STCL
008 150530s9999 xx 000 0 und d
040 _aSTCL
_cSTCL
100 _aArmitage, F.P.
245 _aHistory of chemistry
260 _c1920
546 _aEnglish
942 _2ddc
_cBK
999 _c31819
_d31819
005 20220125170231.0